000 01337nam a2200253Ia 4500
003 Ost
005 20260507075209.0
008 260507s9999||||xx |||||||||||||| ||und||
040 _cfsecg
041 _aara
082 _a330
100 _aالدوري، زكريا
_eمؤلف
245 0 _aمبادئ إدارة الأعمال :
_bمبادئ و مداخل الادارة و وظائفها في القرن الحادي و العشرين /
_c زكريا الدوري
260 _aعمان:
_bدار اليازوري,
_c2010
300 _a434 صفحة؛
_bإيضاحات ؛
_c24 سم
504 _aمراجع ص.423 ؛الجداول ص.212 ،311
520 _aاساسيات الادارة ، تطور الفكر الاداري ، التخطيط ، التصميم التنظيمي ، التوجيه ( الاتصال ، القيادة ، التحضير ) ، الرقابة الادارية ، المداخل الاخلاقية و المعرفية في ادارة المنظمات ، المخال التقنية المعاصرة في ادارة المنظمات
653 _aإدارة الأعمال
653 _aالإدارة
653 _aالرقابة الادارية
700 _aالسكارنة، بلال خلف
_eمؤلف ثانوي
700 _aالعزاوي، نجم
_eمؤلف ثانوي
942 _cكتاب
999 _c43451
_d43451